Statistics for 历史上所有航空母舰 All Aircraft Carriers in History

Click here to take the quiz!

General Stats

  • This quiz has been taken 44 times
  • The average score is 25 of 142

Answer Stats

服役日期所属国家名称备注% Correct
2012.09.25苏联/中国瓦良格/辽宁
87%
2019.12.17中国山东
82%
1938.05.12美国企业
64%
2017.12.07英国伊丽莎白女王
64%
1961.11.25美国企业核动力
64%
2017.07.22美国福特核动力
62%
1945.10.27美国罗斯福
54%
1986.10.25美国西奥多·罗斯福核动力
54%
1927.03.25日本赤城
49%
1928.03.31日本加贺
49%
2003.07.12美国里根核动力
46%
1975.05.03美国尼米兹核动力
44%
1991.01.21苏联/俄罗斯库兹涅佐夫
44%
2001.05.18法国戴高乐核动力
44%
1943.04.15美国约克城
41%
1937.09.30美国约克城
41%
1939.07.05日本飞龙
38%
1992.07.04美国乔治·华盛顿核动力
38%
2019.12.10英国威尔士亲王
36%
1968.09.07美国肯尼迪
33%
1989.11.11美国亚伯拉罕·林肯核动力
33%
1941.10.20美国大黄蜂
33%
1943.11.29美国大黄蜂
33%
1956.04.14美国萨拉托加
31%
1943.02.17美国列克星敦
31%
1944.11.19日本信浓
31%
1927.11.16美国萨拉托加
31%
1943.08.31美国/法国兰利/拉法叶轻型
31%
1975.01.03苏联/俄罗斯基辅
31%
1922.03.20美国兰利
31%
1927.12.14美国列克星敦
31%
1961.04.29美国小鹰
31%
1918.09.06英国百眼巨人轻型
28%
1978.09.27苏联/俄罗斯明斯克
28%
1941.08.08日本翔鹤
28%
1937.12.29日本苍龙
28%
1977.10.18美国艾森豪威尔核动力
28%
1940.05.25英国光辉
26%
1933.05.09日本龙骧轻型
26%
1941.09.25日本瑞鹤
26%
1944.03.07日本大凤
26%
1982.06.20英国光辉轻型
26%
1922.12.22日本凤翔轻型
26%
1942.12.31美国埃塞克斯
23%
1924.02.18英国竞技神轻型
23%
1967.12.25苏联莫斯科
23%
1959.11.25英国/印度竞技神/维拉特轻型
23%
2009.01.10美国布什核动力
21%
1998.07.25美国杜鲁门核动力
21%
1943.11.24美国胡蜂
18%
1940.04.25美国胡蜂
18%
1943.03.12英国独角兽轻型
18%
1945.04.02英国/加拿大/阿根廷战士/独立轻型
18%
1957.08.10美国突击者
18%
1934.06.04美国突击者
18%
1959.01.10美国独立
15%
1945.04.02英国光荣轻型
15%
1985.11.01英国皇家方舟轻型
15%
1961.03.04英国/印度大力神/维克兰特轻型
15%
1940.11.24英国可畏
15%
1930.01.07英国光荣
15%
1955.02.22英国皇家方舟
15%
1941.11.30日本龙凤轻型
15%
1942.01.26日本祥凤轻型
15%
1941.05.14英国胜利
15%
1938.11.16英国皇家方舟
15%
1942.05.03日本隼鹰
13%
1942.07.31日本飞鹰
13%
1943.05.24美国邦克山
13%
1945.09.10美国中途岛
13%
1944.09.15美国香格里拉
13%
1944.10.15日本葛城
13%
1944.05.08美国提康德罗加
13%
1943.12.15日本千岁轻型
10%
1941.10.10英国不挠
10%
1945.10.19英国英仙座轻型
10%
1927.05.27法国贝亚恩
10%
1944.08.10日本天城
10%
1965.01.23美国美利坚
10%
1943.02.25美国普林斯顿轻型
8%
1954.05.26英国阿尔比恩轻型
8%
1953.09.01英国半人马轻型
8%
1944.08.06日本云龙
8%
1987.12.11苏联/俄罗斯/印度戈尔什科夫/维克拉玛蒂亚
8%
1945.11.18美国普林斯顿
8%
1943.12.21日本千代田轻型
8%
2008.05.27意大利加富尔轻型
8%
1943.08.16美国无畏
8%
1946.01.09英国忒修斯轻型
8%
1943.11.17美国巴丹轻型
8%
1944.01.31美国富兰克林
8%
1980.07.11英国无敌轻型
8%
1982.03.13美国卡尔·文森核动力
8%
1985.09.30意大利加里波底轻型
5%
1995.12.09美国斯坦尼斯核动力
5%
1982.09.14苏联/俄罗斯新罗西斯克
5%
1917.06.26英国暴怒
5%
1955.10.01美国福莱斯特
5%
1944.12.16英国/法国巨像/埃罗芒什轻型
5%
1944.08.28英国怨仇
5%
1952.03.01英国
5%
1940.12.27日本瑞凤轻型
5%
1947.10.01美国珊瑚海
5%
1943.11.15美国圣哈辛托轻型
5%
1955.10.28英国/澳大利亚尊严/墨尔本轻型
3%
1945.08.08英国大洋轻型
3%
1997.03.27泰国查克里·纳吕贝特轻型
3%
1969.06.02苏联列宁格勒
3%
1944.11.26美国好人理查德
3%
1963.07.15法国/巴西福煦/圣保罗
3%
1961.11.22法国克列孟梭
3%
1961.10.27美国星座
3%
1948.12.16英国/澳大利亚可怖/悉尼轻型
3%
1924.02.20英国轻型
3%
1943.05.28美国科本斯轻型
0%
1943.07.24美国/西班牙卡伯特/戴达罗轻型
0%
1944.04.15美国汉考克
0%
1943.03.31美国/法国贝劳森林轻型
0%
1944.05.03英国不倦
0%
1944.08.06美国本宁顿
0%
1928.05.05英国勇敢
0%
1944.10.09美国伦道夫
0%
1988.05.30西班牙阿斯图里亚斯轻型
0%
1943.06.17美国蒙特利轻型
0%
1945.06.03美国尚普兰湖
0%
1945.01.17英国/荷兰/阿根廷可敬/五月二十五日轻型
0%
1946.07.14美国塞班岛轻型
0%
1954.11.04英国堡垒轻型
0%
1957.01.17英国/加拿大有力/邦纳·文彻轻型
0%
1950.09.25美国奥里斯卡尼
0%
1948.03.21英国/加拿大宏伟轻型
0%
1947.02.09美国莱特轻型
0%
1946.11.03美国福吉谷
0%
1946.05.11美国菲律宾海
0%
1945.01.28美国安蒂塔姆
0%
1946.05.06英国凯旋轻型
0%
1946.04.11美国莱特
0%
1946.03.02美国奇尔沙治
0%
1945.12.08美国塔拉瓦
0%
1945.05.21英国/澳大利亚/巴西复仇/米纳斯吉拉斯轻型
0%
1945.02.08英国先锋轻型
0%
1945.04.16美国拳师
0%

Score Distribution

Percentile by Number Answered

Percent of People with Each Score

Your Score History

You have not taken this quiz